Tensor analysis
| Main Author: | Lebedev, Leonid P |
|---|---|
| Other Authors: | Cloud, Michael J |
| Published: |
New Jersey:
World Scientific,
2003.
|
| Subjects: |
| LEADER | 00564cam a2200169 7i4500 | ||
|---|---|---|---|
| 001 | 0000009968 | ||
| 005 | 20191108090000.0 | ||
| 020 | |a 9812383603 (hbk.) | ||
| 090 | 0 | 0 | |a QA300 |b .L43 2003 |
| 100 | 1 | |a Lebedev, Leonid P | |
| 245 | 1 | 0 | |a Tensor analysis |c Leonid P Lebedev, Michael J Cloud. |
| 260 | |a New Jersey: |b World Scientific, |c 2003. | ||
| 300 | |a x, 191 p.; |c 23 cm. | ||
| 650 | 0 | 0 | |a Mathematical analysis |
| 700 | 1 | |a Cloud, Michael J | |
| 997 | |a Engineering & Life Sciences, Faculty |b Engineering, Department | ||
| 999 | |a 0000013974 |b BOK |c OPEN SHELF |e 2nd Floor, Bestari Jaya | ||


